The economics of sports
Сохранить в:
| Главный автор: | |
|---|---|
| Формат: | |
| Язык: | Undetermined |
| Опубликовано: |
Boston
Pearson Addison Wesley
2005
|
| Предметы: | |
| Метки: |
Добавить метку
Нет меток, Требуется 1-ая метка записи!
|
| Thư viện lưu trữ: | Trung tâm Học liệu Trường Đại học Cần Thơ |
|---|
| LEADER | 00527nam a2200193Ia 4500 | ||
|---|---|---|---|
| 001 | CTU_97546 | ||
| 008 | 210402s9999 xx 000 0 und d | ||
| 020 | |c 107.20 | ||
| 082 | |a 338.43796 | ||
| 082 | |b L484 | ||
| 100 | |a Leeds, Michael | ||
| 245 | 4 | |a The economics of sports | |
| 245 | 0 | |c Michael Leeds, Peter Von Allmen | |
| 260 | |a Boston | ||
| 260 | |b Pearson Addison Wesley | ||
| 260 | |c 2005 | ||
| 650 | |a Economic development | ||
| 904 | |i Tuyến sửa | ||
| 980 | |a Trung tâm Học liệu Trường Đại học Cần Thơ | ||